000 00247nam a22001217a 4500
003 SGT
082 _a152
_bC03C
100 _aCLAMP , ALAN
245 _aCOMPARATIVE PSYCHOLOGY
260 _aLONDON
_bHODDER
_c2003
300 _a168
942 _2ddc
_cBK
999 _c14009
_d14009